000 00804nam a2200289 i 4500
001 15744
003 DO-SdUEMH
005 20260130212140.0
007 ta
008 211105s2010||||dr a|||gr|||| 0|| | spa d
020 _a9789945470048
040 _aDO-SdUEMH
_bspa
_erda
041 _aspa
082 1 4 _aRD 346.01 R426M
_mRD
084 _b12-00151
110 _aRepública Dominicana: Junta Central Electoral (JCE)
245 0 _aMemorias de la Comisión de Oficialías 2006-2010
260 _c2010
264 1 _aSanto Domingo, República Dominicana :
_c2010
264 4 _c©2010
300 _a109 páginas :
_bilustraciones ;
_c19 cm.
336 _2rdacontent
_atexto
_btxt
337 _2rdamedia
_asin mediación
_bn
338 _2rdacarrier
_avolumen
_bnc
942 _2ddc
_cBK
_n0
999 _c15744
_d15744